Electronic circuit guidebook volume 6 / (Record no. 178604)
[ view plain ]
| 000 -LEADER | |
|---|---|
| fixed length control field | 01424 a2200229 4500 |
| 003 - CONTROL NUMBER IDENTIFIER | |
| control field | Nust |
| 005 - DATE AND TIME OF LATEST TRANSACTION | |
| control field | 20221118183128.0 |
| 010 ## - LIBRARY OF CONGRESS CONTROL NUMBER | |
| LC control number | 97065787 |
| 020 ## - INTERNATIONAL STANDARD BOOK NUMBER | |
| International Standard Book Number | 0790611856 (v. 6) |
| 040 ## - CATALOGING SOURCE | |
| Transcribing agency | Nust |
| 082 00 - DEWEY DECIMAL CLASSIFICATION NUMBER | |
| Classification number | 621.381,CAR |
| 100 1# - MAIN ENTRY--PERSONAL NAME | |
| Personal name | Carr, Joseph J. |
| 9 (RLIN) | 26343 |
| 245 10 - TITLE STATEMENT | |
| Title | Electronic circuit guidebook volume 6 / |
| Statement of responsibility, etc. | Joseph J. Carr. |
| Remainder of title | Oscillators |
| 260 ## - PUBLICATION, DISTRIBUTION, ETC. | |
| Place of publication, distribution, etc. | Indianapolis, IN : |
| Name of publisher, distributor, etc. | Prompt Publications, |
| Date of publication, distribution, etc. | c1997-<c1999 > |
| 300 ## - PHYSICAL DESCRIPTION | |
| Extent | 240p |
| Other physical details | ill. ; |
| Dimensions | 24 cm. |
| 505 1# - FORMATTED CONTENTS NOTE | |
| Formatted contents note | Introduction (Page-1), Relaxation Oscillators (Page-5), Feedback Oscillators (Page-15), Resonant Tuned RF Circuits (Page-19), RC Timing Networks (Page-47), The Effects of RLC Circuits on Electronic Waveforms (Page-53), Monostable and Astable Multivibrator Circutis (Page-65), Electronic Integrators and Differentiators (Page-87), Triangle and sawtooth Waveform Generators (Page-99), Sine Wave Audio Oscillators (Page-111), Voltage Controlled Oscillators (Page-125), LC H. F. Variables-Frequency Oscillators (Page-135), The 555 Integrated Circuit Timer Device (Page-151),Crystal Oscillators (Pge-175),Tactics to Improve Oscillator Accuracy and Stability (Page-203), Electronics Workbench Skills (Page-215). |
| 650 #0 - SUBJECT ADDED ENTRY--TOPICAL TERM | |
| Topical term or geographic name entry element | Detectors. |
| 9 (RLIN) | 399 |
| 650 #0 - SUBJECT ADDED ENTRY--TOPICAL TERM | |
| Topical term or geographic name entry element | Electronic instruments |
| General subdivision | Design and construction. |
| 9 (RLIN) | 103109 |
| 650 #0 - SUBJECT ADDED ENTRY--TOPICAL TERM | |
| Topical term or geographic name entry element | Interface circuits |
| General subdivision | Design and construction. |
| 9 (RLIN) | 103110 |
| 650 #0 - SUBJECT ADDED ENTRY--TOPICAL TERM | |
| Topical term or geographic name entry element | Linear integrated circuits. |
| 9 (RLIN) | 55531 |
| 942 ## - ADDED ENTRY ELEMENTS (KOHA) | |
| Source of classification or shelving scheme | |
| Koha item type | Book |
| Withdrawn status | Lost status | Source of classification or shelving scheme | Damaged status | Not for loan | Permanent Location | Current Location | Shelving location | Date acquired | Full call number | Barcode | Date last seen | Price effective from | Koha item type | Public note |
|---|---|---|---|---|---|---|---|---|---|---|---|---|---|---|
| Military College of Signals (MCS) | Military College of Signals (MCS) | General Stacks | 12/12/2016 | 621.381,CAR | MCS31825 | 12/08/2016 | 12/12/2016 | Book | Almirah No.31, Shelf No.1 |
